LEADER 01054nam0 22002891i 450 001 RML0301137 005 20231121125743.0 010 $a0140585079 100 $a20121121d1954 ||||0itac50 ba 101 | $aeng 102 $agb 181 1$6z01$ai $bxxxe 182 1$6z01$an 200 1 $aSelected poetry$fByron$gSelected by A.S.B.Glover 210 $aLondon $cPenguin books $d©1954 215 $a365 p.$d20 cm 225 | $a˜The œpenguin poetry library. - London $ePenguin books 410 0$1001RML0333090$12001 $a˜The œpenguin poetry library. - London $ePenguin books 700 1$aByron$b, Lord$3RMLV194374$01276785 801 3$aIT$bIT-01$c20121121 850 $aIT-FR0017 899 $aBiblioteca umanistica Giorgio Aprea$bFR0017 912 $aRML0301137 950 0$aBiblioteca umanistica Giorgio Aprea$d 52CIS 9/1562$e 52VM 0000711575 VM barcode:00064397. - Inventario:8972 FLSVM$fA $h20071214$i20121204 977 $a 52 996 $aSelected poetry$93629941 997 $aUNICAS